000 00323nam a22001337a 4500
082 _a617.601,P12M
100 _aMARYA,C.M
245 _aA PRACTICAL MANUAL OF PUBLIC HEALTH DENTISTRY
250 _a1ST
260 _aDELHI
_bJAYPEE BROTHERS
_c2012
300 _a248
650 _aPUBLIC HEALTH DENTISTRY
942 _2ddc
_cBK
_074
999 _c9542
_d9542